[Event "Pepe Cuenca Invitational"]
[Site "chess24.com INT"]
[Date "2020.04.12"]
[Round "1.11"]
[White "Radjabov, Teimour"]
[Black "Anton Guijarro, David"]
[Result "0-1"]
[WhiteElo "2765"]
[BlackElo "2703"]
[PlyCount "80"]
[EventDate "2020.04.12"]
[EventType "k.o."]
[EventRounds "3"]
[EventCountry "USA"]
[SourceTitle "CBM 195 Extra"]
[Source "ChessBase"]
[SourceDate "2020.05.31"]
[SourceVersion "1"]
[SourceVersionDate "2020.05.31"]
[SourceQuality "1"]

1. d4 Nf6 2. Nf3 d5 3. c4 e6 4. Nc3 dxc4 5. e4 Bb4 6. Bxc4 Nxe4 7. O-O Nxc3 8.
bxc3 Bd6 9. Ne5 Bxe5 10. dxe5 Qxd1 11. Rxd1 Nc6 12. Rb1 Nxe5 13. Bb5+ c6 14.
Be2 f6 15. Be3 Kf7 16. a4 a5 17. f4 Ng6 18. Bh5 Re8 19. Be2 Ne7 20. c4 Nf5 21.
Bf2 e5 22. fxe5 fxe5 23. c5 Be6 24. Rxb7+ Re7 25. Rb2 Bd5 26. g4 Nd4 27. Bxd4
exd4 28. Rxd4 Rae8 29. Kf2 Re4 30. Rbd2 Kf6 31. Bf1 Rxd4 32. Rxd4 Ke5 33. Rd2
Rf8+ 34. Ke1 Rf4 35. Re2+ Re4 36. Kd2 Rxe2+ 37. Bxe2 Kd4 38. g5 h6 39. gxh6
gxh6 40. h4 Bb3 0-1

[Event "Pepe Cuenca Invitational"]
[Site "chess24.com INT"]
[Date "2020.04.12"]
[Round "1.12"]
[White "Anton Guijarro, David"]
[Black "Radjabov, Teimour"]
[Result "0-1"]
[WhiteElo "2703"]
[BlackElo "2765"]
[PlyCount "68"]
[EventDate "2020.04.12"]
[EventType "k.o."]
[EventRounds "3"]
[EventCountry "USA"]
[SourceTitle "CBM 195 Extra"]
[Source "ChessBase"]
[SourceDate "2020.05.31"]
[SourceVersion "1"]
[SourceVersionDate "2020.05.31"]
[SourceQuality "1"]

1. Nf3 Nf6 2. d4 d6 3. Nc3 Nbd7 4. e4 e5 5. Bc4 h6 6. a4 c6 7. a5 Be7 8. O-O
O-O 9. Re1 Qc7 10. h3 Rb8 11. dxe5 dxe5 12. Nh4 Re8 13. Nf5 Bf8 14. Qf3 b5 15.
axb6 Nxb6 16. Bb3 Nh7 17. Be3 Be6 18. Bxe6 Rxe6 19. Ra2 Ng5 20. Qe2 g6 21. h4
Nxe4 22. Nxh6+ Bxh6 23. Nxe4 Bxe3 24. Qxe3 Nd5 25. Qh6 Nf6 26. Nxf6+ Rxf6 27.
Qe3 Rf5 28. Rxa7 Qd8 29. g3 Rxb2 30. Rea1 Kg7 31. R7a2 Rxa2 32. Rxa2 Qd1+ 33.
Kg2 Qd5+ 34. Kg1 Qxa2 0-1

[Event "Pepe Cuenca Invitational"]
[Site "chess24.com INT"]
[Date "2020.04.12"]
[Round "1.13"]
[White "Radjabov, Teimour"]
[Black "Anton Guijarro, David"]
[Result "0-1"]
[WhiteElo "2765"]
[BlackElo "2703"]
[PlyCount "112"]
[EventDate "2020.04.12"]
[EventType "k.o."]
[EventRounds "3"]
[EventCountry "USA"]
[SourceTitle "CBM 195 Extra"]
[Source "ChessBase"]
[SourceDate "2020.05.31"]
[SourceVersion "1"]
[SourceVersionDate "2020.05.31"]
[SourceQuality "1"]

1. e4 e5 2. Nf3 Nc6 3. Bc4 Bc5 4. d3 Nf6 5. Nbd2 d6 6. c3 O-O 7. O-O a5 8. Re1
Be6 9. Bxe6 fxe6 10. a4 d5 11. h3 Qd6 12. d4 Ba7 13. exd5 Nxd5 14. Nc4 Qe7 15.
Ncxe5 Nxe5 16. Rxe5 c5 17. Qe2 Rae8 18. Bg5 Qd7 19. dxc5 Bb8 20. Re4 h6 21. Bd2
Nf6 22. Rc4 e5 23. Be3 e4 24. Nd4 Qc7 25. g3 Qd7 26. Kg2 Nd5 27. Re1 Rf6 28.
Nb5 Ref8 29. Rxe4 Nxe3+ 30. Rxe3 Rxf2+ 31. Qxf2 Rxf2+ 32. Kxf2 Kh7 33. Re8 Bc7
34. Nxc7 Qxc7 35. R8e5 Qc6 36. R1e4 Qd7 37. g4 Qd2+ 38. Re2 Qd1 39. Kg2 Qxa4
40. Kg3 Qb5 41. h4 a4 42. g5 hxg5 43. hxg5 Qd3+ 44. Kg4 Qd1 45. Kf5 Qd7+ 46.
Kf4 Qf7+ 47. Ke3 Qb3 48. Rd2 a3 49. g6+ Kxg6 50. Rd6+ Kf7 51. bxa3 Qxc3+ 52.
Kf4 Qc1+ 53. Ke4 Qxa3 54. Rd7+ Kg8 55. Kd5 Qd3+ 56. Ke6 Qg6+ 0-1

[Event "Nations Cup Online Prelim"]
[Site "Chess.com INT"]
[Date "2020.05.06"]
[Round "4.1"]
[White "Nepomniachtchi, Ian"]
[Black "Radjabov, Teimour"]
[Result "1-0"]
[WhiteElo "2784"]
[BlackElo "2765"]
[PlyCount "93"]
[EventDate "2020.05.05"]
[EventType "team-tourn"]
[EventRounds "10"]
[EventCountry "USA"]
[SourceTitle "CBM 196"]
[Source "ChessBase"]
[SourceDate "2020.06.30"]
[SourceVersion "1"]
[SourceVersionDate "2020.06.30"]
[SourceQuality "1"]
[WhiteTeam "Russia"]
[BlackTeam "Rest of the World"]
[WhiteTeamCountry "RUS"]

1. d4 Nf6 2. c4 e6 3. Nf3 d5 4. Nc3 Be7 5. Bf4 O-O 6. e3 Nbd7 7. c5 Nh5 8. Bd3
Nxf4 9. exf4 b6 10. b4 a5 11. a3 c6 12. O-O Ba6 13. Bxa6 Rxa6 14. Qe2 Qa8 15.
b5 cxb5 16. Qxb5 Ra7 17. Ne5 Nxe5 18. cxb6 Nc4 19. bxa7 Qxa7 20. Ne2 Rb8 21.
Qa4 g6 22. Ra2 Qb6 23. g3 Kg7 24. Rc1 Bf6 25. Qd1 Nb2 26. Qc2 Nc4 27. a4 Qb3
28. Qxb3 Rxb3 29. Rd1 h5 30. h4 Nd6 31. Rc1 Nc4 32. Kg2 Rb4 33. Rd1 Nd6 34.
Rdd2 Nc4 35. Rd1 Nd6 36. Kf1 Nc4 37. Rc1 Rb3 38. Ke1 Rb4 39. Raa1 Nd6 40. Rcb1
Rc4 41. Ra2 Nf5 42. Rb5 Bd8 43. Rb7 Nxd4 44. Nxd4 Rxd4 45. Rc2 Kf6 46. Ke2 Rxa4
47. Rc8 1-0

[Event "Nations Cup Online Prelim"]
[Site "Chess.com INT"]
[Date "2020.05.08"]
[Round "7.1"]
[White "Anand, Viswanathan"]
[Black "Radjabov, Teimour"]
[Result "1-0"]
[WhiteElo "2753"]
[BlackElo "2765"]
[PlyCount "73"]
[EventDate "2020.05.05"]
[EventType "team-tourn"]
[EventRounds "10"]
[EventCountry "USA"]
[SourceTitle "CBM 196"]
[Source "ChessBase"]
[SourceDate "2020.06.30"]
[SourceVersion "1"]
[SourceVersionDate "2020.06.30"]
[SourceQuality "1"]
[WhiteTeam "India"]
[BlackTeam "Rest of the World"]
[WhiteTeamCountry "IND"]

1. d4 Nf6 2. c4 g6 3. Nc3 Bg7 4. e4 d6 5. Nf3 O-O 6. Be2 e5 7. O-O Nc6 8. d5
Ne7 9. b4 a5 10. bxa5 Nh5 11. Nd2 Rxa5 12. Nb3 Ra8 13. Bxh5 gxh5 14. Qxh5 b6
15. a4 Ng6 16. a5 Nf4 17. Bxf4 exf4 18. Qf3 bxa5 19. Rxa5 Rxa5 20. Nxa5 Qg5 21.
Ne2 Be5 22. h3 Bd7 23. Nb3 Ra8 24. Nbd4 Kh8 25. Rb1 h6 26. Kh1 Kh7 27. Nc6 Bxc6
28. dxc6 Ra2 29. g3 fxg3 30. Qxf7+ Qg7 31. Qf5+ Qg6 32. Nxg3 Qxf5 33. Nxf5 Ra6
34. Ne7 Kg7 35. Rb7 Kf7 36. Rxc7 d5 37. Rd7 1-0

[Event "Nations Cup Online Prelim"]
[Site "Chess.com INT"]
[Date "2020.05.09"]
[Round "9.1"]
[White "Radjabov, Teimour"]
[Black "Artemiev, Vladislav"]
[Result "1-0"]
[WhiteElo "2765"]
[BlackElo "2716"]
[PlyCount "117"]
[EventDate "2020.05.05"]
[EventType "team-tourn"]
[EventRounds "10"]
[EventCountry "USA"]
[SourceTitle "CBM 196"]
[Source "ChessBase"]
[SourceDate "2020.06.30"]
[SourceVersion "1"]
[SourceVersionDate "2020.06.30"]
[SourceQuality "1"]
[WhiteTeam "Rest of the World"]
[BlackTeam "Russia"]
[BlackTeamCountry "RUS"]

1. e4 c6 2. Nf3 d5 3. Nc3 dxe4 4. Nxe4 Nf6 5. Nxf6+ exf6 6. d4 Bd6 7. Bd3 O-O
8. O-O Re8 9. h3 Nd7 10. c3 Nf8 11. Qc2 Be6 12. Re1 Qd7 13. Be3 Ng6 14. Bf1 Bd5
15. Qd1 Nf4 16. Nd2 Qf5 17. Qg4 Be6 18. Qxf5 Bxf5 19. Nc4 Bc7 20. Bxf4 Bxf4 21.
Na5 Be6 22. Nxb7 Rab8 23. Nc5 Kf8 24. g3 Bd6 25. b4 Re7 26. Bg2 Rc8 27. a3 f5
28. Re2 Rcc7 29. Rae1 Bc8 30. Rxe7 Bxe7 31. Nd3 Bd7 32. Re5 Bd8 33. Ra5 Be8 34.
Rxf5 f6 35. Rc5 g5 36. Bf3 Re7 37. Bxc6 Bb6 38. Rf5 Bg6 39. Rxf6+ Kg7 40. Rf3
Bc7 41. Ne5 Bxe5 42. dxe5 Rxe5 43. Re3 Rxe3 44. fxe3 Kf6 45. Kf2 Ke5 46. a4 Bf5
47. h4 gxh4 48. gxh4 Be6 49. a5 Bc4 50. Kg3 Bd3 51. Kg4 Kd6 52. Bf3 Ke5 53. Kg5
Bc4 54. h5 Bd3 55. Bc6 Bc4 56. Bd7 Bd3 57. b5 Be4 58. b6 axb6 59. axb6 1-0

[Event "Chessable Masters GpB"]
[Site "chess24.com INT"]
[Date "2020.06.21"]
[Round "1"]
[White "Nepomniachtchi, Ian"]
[Black "Radjabov, Teimour"]
[Result "1-0"]
[WhiteElo "2784"]
[BlackElo "2765"]
[PlyCount "113"]
[EventDate "2020.06.21"]
[EventType "tourn (rapid)"]
[EventRounds "10"]
[EventCountry "GER"]
[EventCategory "22"]
[SourceTitle "CBM 197"]
[Source "ChessBase"]
[SourceDate "2020.07.27"]
[SourceVersion "1"]
[SourceVersionDate "2020.07.27"]
[SourceQuality "1"]

1. d4 Nf6 2. c4 e6 3. Nf3 b6 4. g3 Bb7 5. Bg2 Be7 6. O-O O-O 7. Nc3 Ne4 8. Bd2
Nxd2 9. Qxd2 d6 10. e4 Nd7 11. Rad1 a6 12. d5 Bf6 13. Nd4 Bxd4 14. Qxd4 e5 15.
Qd2 Qe7 16. f4 Rfe8 17. f5 Nf6 18. h3 b5 19. cxb5 axb5 20. a3 Ba6 21. Na2 b4
22. Nxb4 Bxf1 23. Rxf1 Nd7 24. Qe3 h6 25. h4 Qf8 26. Rc1 Nc5 27. Nc6 Nd7 28. b4
h5 29. Ra1 Nb8 30. Na5 Nd7 31. Bf1 Rxa5 32. bxa5 Ra8 33. a6 Nc5 34. Be2 Nxa6
35. Bxh5 Nc5 36. Rb1 Ra4 37. Rb4 Rxb4 38. axb4 Nd7 39. Qa7 Qd8 40. Kg2 Kf8 41.
Be2 Nf6 42. Kf3 g6 43. fxg6 Qc8 44. Kg2 fxg6 45. Bf3 Qd8 46. Qe3 Kg7 47. Qg5
Qe8 48. g4 Qf7 49. Qc1 Qd7 50. Kg3 Ng8 51. g5 Qd8 52. Bg4 Ne7 53. Be6 Qf8 54.
b5 Qa8 55. Qf1 Qe8 56. Qf6+ Kh7 57. h5 1-0

[Event "Chessable Masters GpB"]
[Site "chess24.com INT"]
[Date "2020.06.21"]
[Round "3"]
[White "Giri, Anish"]
[Black "Radjabov, Teimour"]
[Result "1/2-1/2"]
[WhiteElo "2764"]
[BlackElo "2765"]
[PlyCount "90"]
[EventDate "2020.06.21"]
[EventType "tourn (rapid)"]
[EventRounds "10"]
[EventCountry "GER"]
[EventCategory "22"]
[SourceTitle "CBM 197"]
[Source "ChessBase"]
[SourceDate "2020.07.27"]
[SourceVersion "1"]
[SourceVersionDate "2020.07.27"]
[SourceQuality "1"]

1. d4 e6 2. c4 f5 3. g3 Nf6 4. Bg2 d5 5. Nf3 c6 6. O-O Bd6 7. b3 Qe7 8. Bb2 O-O
9. Qc1 b6 10. Ba3 Bb7 11. Bxd6 Qxd6 12. Nc3 Nbd7 13. cxd5 exd5 14. e3 Ne4 15.
Qb2 Rae8 16. Rac1 Rf6 17. Rfd1 Qe7 18. b4 b5 19. a4 a6 20. axb5 axb5 21. Ra1
Qd6 22. Ra7 Qb8 23. Rda1 Nb6 24. Ne5 Nc4 25. Nxc4 bxc4 26. Bxe4 fxe4 27. b5
Ref8 28. bxc6 Bxc6 29. Qxb8 Rxb8 30. R1a2 Rf7 31. R7a5 Rd7 32. Rc5 Rb6 33. Kg2
Kf7 34. f3 exf3+ 35. Kxf3 Rb3 36. Rc2 Rd6 37. g4 h6 38. h4 g5 39. hxg5 hxg5 40.
e4 dxe4+ 41. Ke3 Bd5 42. Kd2 Be6 43. Ke3 Bd5 44. Kd2 Be6 45. Ke3 Bd5 1/2-1/2

[Event "Chessable Masters GpB"]
[Site "chess24.com INT"]
[Date "2020.06.21"]
[Round "4"]
[White "Radjabov, Teimour"]
[Black "Caruana, Fabiano"]
[Result "0-1"]
[WhiteElo "2765"]
[BlackElo "2835"]
[PlyCount "228"]
[EventDate "2020.06.21"]
[EventType "tourn (rapid)"]
[EventRounds "10"]
[EventCountry "GER"]
[EventCategory "22"]
[SourceTitle "CBM 197"]
[Source "ChessBase"]
[SourceDate "2020.07.27"]
[SourceVersion "1"]
[SourceVersionDate "2020.07.27"]
[SourceQuality "1"]

1. d4 Nf6 2. Nf3 d5 3. c4 e6 4. e3 Be7 5. b3 O-O 6. Bb2 c5 7. Bd3 dxc4 8. bxc4
Nc6 9. O-O Nb4 10. Be2 b6 11. Nbd2 Bb7 12. a3 Nc6 13. Rc1 Rc8 14. Re1 cxd4 15.
exd4 Bd6 16. Bd3 Bf4 17. Rc2 Ne7 18. Ne4 Nxe4 19. Bxe4 Bxe4 20. Rxe4 Ng6 21. h4
Bb8 22. h5 Nf4 23. h6 Qf6 24. g3 Qg6 25. hxg7 Rfd8 26. Re3 Qg4 27. Qf1 h5 28.
Kh2 Ng6 29. Qh3 b5 30. c5 Ne7 31. Qxg4 hxg4 32. Nh4 Nd5 33. Re1 Bc7 34. Ng2
Kxg7 35. Ne3 Nxe3 36. Rxe3 Kg6 37. Bc3 Rd5 38. Kg2 Rh8 39. Rb2 a6 40. a4 Rb8
41. axb5 axb5 42. Re1 e5 43. dxe5 Rxc5 44. Re3 Kf5 45. f3 Rc4 46. Rbe2 b4 47.
fxg4+ Ke6 48. Bb2 b3 49. Kf3 Bd8 50. Rd3 Be7 51. Rh2 Bf8 52. g5 Rc2 53. Rdd2
Rbc8 54. Ke4 R2c4+ 55. Kf3 Kf5 56. Rhe2 Rc2 57. e6 Rxd2 58. Rxd2 fxe6 59. Rd3
Rb8 60. Re3 Rb6 61. Re1 Kxg5 62. Ke4 Bd6 63. Bd4 Ra6 64. Kd3 Bxg3 65. Rb1 e5
66. Bc5 Rc6 67. Be3+ Kg4 68. Rxb3 Kf3 69. Bd4 Bf4 70. Bxe5 Bxe5 71. Ra3 Rc8 72.
Rb3 Rd8+ 73. Kc4+ Ke4 74. Kb5 Kd5 75. Rd3+ Bd4 76. Rb3 Ra8 77. Kb4 Rb8+ 78. Ka4
Bb6 79. Kb4 Kd4 80. Ka4 Kc5 81. Rc3+ Kd5 82. Rb3 Kc6 83. Rb1 Rh8 84. Kb4 Bd4
85. Kc4 Rh4 86. Rd1 Be5+ 87. Kd3 Kd5 88. Ke3+ Bd4+ 89. Kf3 Ke5 90. Rf1 Re4 91.
Kg3 Re3+ 92. Kg4 Ke4 93. Rf4+ Kd5 94. Rf3 Re8 95. Kf5 Rg8 96. Rf4 Be5 97. Rf3
Bd4 98. Rf4 Be3 99. Rg4 Rf8+ 100. Kg6 Bd4 101. Rh4 Be5 102. Ra4 Ke6 103. Rg4
Rh8 104. Kg5 Rf8 105. Kg6 Bf4 106. Kg7 Rf7+ 107. Kg8 Be5 108. Rg6+ Bf6 109. Rg3
Ra7 110. Re3+ Be5 111. Rf3 Rg7+ 112. Kf8 Rg4 113. Re3 Ra4 114. Kg8 Rh4 0-1

[Event "Chessable Masters GpB"]
[Site "chess24.com INT"]
[Date "2020.06.21"]
[Round "5"]
[White "Ding, Liren"]
[Black "Radjabov, Teimour"]
[Result "1/2-1/2"]
[WhiteElo "2791"]
[BlackElo "2765"]
[PlyCount "56"]
[EventDate "2020.06.21"]
[EventType "tourn (rapid)"]
[EventRounds "10"]
[EventCountry "GER"]
[EventCategory "22"]
[SourceTitle "CBM 197"]
[Source "ChessBase"]
[SourceDate "2020.07.27"]
[SourceVersion "1"]
[SourceVersionDate "2020.07.27"]
[SourceQuality "1"]

1. c4 c5 2. Nf3 Nc6 3. Nc3 Nf6 4. e3 e6 5. d4 d5 6. cxd5 exd5 7. Be2 cxd4 8.
Nxd4 Bd6 9. b3 Qa5 10. Bb2 Be5 11. O-O Bxd4 12. exd4 O-O 13. Rc1 Re8 14. Re1
Bf5 15. Na4 h6 16. a3 Rac8 17. Nc5 Qc7 18. b4 Qb8 19. f3 Re7 20. Bf1 b6 21. Na6
Rxe1 22. Qxe1 Qf4 23. Qg3 Qe3+ 24. Qf2 Qb3 25. Rc3 Qd1 26. Rc1 Qb3 27. Rc3 Qd1
28. Rc1 Qb3 1/2-1/2

[Event "Chessable Masters GpB"]
[Site "chess24.com INT"]
[Date "2020.06.23"]
[Round "6"]
[White "Radjabov, Teimour"]
[Black "Nepomniachtchi, Ian"]
[Result "1/2-1/2"]
[WhiteElo "2765"]
[BlackElo "2784"]
[PlyCount "168"]
[EventDate "2020.06.21"]
[EventType "tourn (rapid)"]
[EventRounds "10"]
[EventCountry "GER"]
[EventCategory "22"]
[SourceTitle "CBM 197"]
[Source "ChessBase"]
[SourceDate "2020.07.27"]
[SourceVersion "1"]
[SourceVersionDate "2020.07.27"]
[SourceQuality "1"]

1. d4 Nf6 2. c4 e6 3. Nf3 d5 4. Nc3 c5 5. e3 Nc6 6. cxd5 Nxd5 7. Bd3 Be7 8. a3
O-O 9. Nxd5 Qxd5 10. Qc2 h6 11. Be4 Qd6 12. dxc5 Qxc5 13. Qxc5 Bxc5 14. b4 Be7
15. Bb2 Bd7 16. Ke2 Rfd8 17. Rhd1 f5 18. Bc2 Bf6 19. Bxf6 gxf6 20. Rac1 Kf7 21.
Bb3 Ke7 22. Rc5 Be8 23. Rxd8 Rxd8 24. h3 h5 25. g3 Rd6 26. Bc2 a6 27. Bd3 Bd7
28. Rc3 Ne5 29. Nxe5 fxe5 30. e4 Kf6 31. Rc5 Rc6 32. Ke3 b5 33. Rxc6 Bxc6 34.
h4 Kg6 35. Bc2 Kf6 36. Bd1 Bxe4 37. Bxh5 Bb7 38. Be2 Bc6 39. f3 Bd5 40. Bd3 Bc6
41. Bc2 Be8 42. g4 Bg6 43. Bd3 f4+ 44. Ke2 e4 45. fxe4 e5 46. Kf2 Bf7 47. Be2
Be6 48. Ke1 Kg6 49. Kd2 Kf6 50. Kc3 Kg6 51. Kd2 Bc8 52. Bd1 Bb7 53. Kd3 Bc8 54.
Bf3 Be6 55. Kd2 Bc8 56. Kc3 Bd7 57. Kc2 Bc8 58. Kd1 Bd7 59. Ke1 Bc6 60. Kf1 Bb7
61. Kg1 Bc6 62. Kh1 Bb7 63. Kh2 Bc6 64. Bg2 Bb7 65. Kg1 Bc8 66. Bf3 Bb7 67. Kf2
Bc6 68. Bg2 Bd7 69. Kf3 Be6 70. Bf1 Bc4 71. Be2 Bb3 72. Kf2 Bc2 73. Bf3 Bb3 74.
g5 Be6 75. Bd1 Bd7 76. Bb3 Be8 77. Bd1 Bc6 78. Bf3 Bd7 79. Ke1 Bc6 80. Kf1 Bd7
81. Kg2 Bc8 82. Kf2 Bd7 83. Bd1 Bc6 84. Bf3 Bd7 1/2-1/2

[Event "Chessable Masters GpB"]
[Site "chess24.com INT"]
[Date "2020.06.23"]
[Round "8"]
[White "Radjabov, Teimour"]
[Black "Giri, Anish"]
[Result "1/2-1/2"]
[WhiteElo "2765"]
[BlackElo "2764"]
[PlyCount "79"]
[EventDate "2020.06.21"]
[EventType "tourn (rapid)"]
[EventRounds "10"]
[EventCountry "GER"]
[EventCategory "22"]
[SourceTitle "CBM 197"]
[Source "ChessBase"]
[SourceDate "2020.07.27"]
[SourceVersion "1"]
[SourceVersionDate "2020.07.27"]
[SourceQuality "1"]

1. d4 Nf6 2. c4 e6 3. Nf3 d5 4. Nc3 Bb4 5. Bg5 h6 6. Bxf6 Qxf6 7. e3 O-O 8. Rc1
dxc4 9. Bxc4 c5 10. O-O cxd4 11. Nxd4 Bd7 12. Ne4 Qe7 13. a3 Ba5 14. Nf3 Bc6
15. Qc2 Nd7 16. Nd4 Bxe4 17. Qxe4 Nf6 18. Qb1 Rfd8 19. Rfd1 Bb6 20. Nf3 Rxd1+
21. Rxd1 Rd8 22. g3 Rxd1+ 23. Qxd1 Qd8 24. Qd3 Qxd3 25. Bxd3 Kf8 26. Nd2 Ke7
27. Ne4 Nd7 28. Kf1 Bc7 29. Nd2 Be5 30. Nc4 Bc7 31. Ke2 Ne5 32. Nxe5 Bxe5 33.
b3 a5 34. a4 b6 35. Kd1 Bd6 36. Ke2 Bb4 37. Bc4 Bd6 38. Bd3 Bb4 39. Bc4 Bd6 40.
Bd3 1/2-1/2

[Event "Chessable Masters GpB"]
[Site "chess24.com INT"]
[Date "2020.06.23"]
[Round "9"]
[White "Caruana, Fabiano"]
[Black "Radjabov, Teimour"]
[Result "1/2-1/2"]
[WhiteElo "2835"]
[BlackElo "2765"]
[PlyCount "106"]
[EventDate "2020.06.21"]
[EventType "tourn (rapid)"]
[EventRounds "10"]
[EventCountry "GER"]
[EventCategory "22"]
[SourceTitle "CBM 197"]
[Source "ChessBase"]
[SourceDate "2020.07.27"]
[SourceVersion "1"]
[SourceVersionDate "2020.07.27"]
[SourceQuality "1"]

1. d4 Nf6 2. c4 g6 3. Nc3 Bg7 4. e4 d6 5. h3 O-O 6. Nge2 a6 7. Ng3 c6 8. Bd3
Nbd7 9. O-O b5 10. Be3 e5 11. d5 cxd5 12. cxd5 Nc5 13. Bc2 Ne8 14. b4 Nd7 15.
a4 bxa4 16. Bxa4 Rb8 17. b5 Nc5 18. bxa6 Bxa6 19. Re1 Nxa4 20. Rxa4 Bc8 21. Ra7
f5 22. exf5 gxf5 23. Nh5 Bh8 24. Qf3 f4 25. Bd2 Qg5 26. Ng3 Qg6 27. Nge4 Ng7
28. Rea1 h5 29. Kh2 Nf5 30. Qd3 Bg7 31. Rg1 h4 32. Ne2 Rb7 33. Ra8 Rbf7 34. Bb4
Qh6 35. Rc1 Bd7 36. Ra6 f3 37. Bd2 Qh5 38. gxf3 Ng3 39. Ng1 Rxf3 40. Nxf3 Rxf3
41. Ra8+ Bf8 42. Bh6 Nxe4 43. Rg1+ Kh7 44. Qxe4+ Bf5 45. Bxf8 Rxh3+ 46. Kg2
Bxe4+ 47. Kxh3 Qf5+ 48. Rg4 Qf3+ 49. Kxh4 Qxf2+ 50. Kg5 Qf5+ 51. Kh4 Qf2+ 52.
Kg5 Qf5+ 53. Kh4 Qf2+ 1/2-1/2

[Event "Chessable Masters GpB"]
[Site "chess24.com INT"]
[Date "2020.06.23"]
[Round "10"]
[White "Radjabov, Teimour"]
[Black "Ding, Liren"]
[Result "1/2-1/2"]
[WhiteElo "2765"]
[BlackElo "2791"]
[PlyCount "116"]
[EventDate "2020.06.21"]
[EventType "tourn (rapid)"]
[EventRounds "10"]
[EventCountry "GER"]
[EventCategory "22"]
[SourceTitle "CBM 197"]
[Source "ChessBase"]
[SourceDate "2020.07.27"]
[SourceVersion "1"]
[SourceVersionDate "2020.07.27"]
[SourceQuality "1"]

1. Nf3 d5 2. b3 Bf5 3. Bb2 e6 4. g3 Nf6 5. Bg2 Be7 6. O-O O-O 7. d3 h6 8. Nbd2
Bh7 9. Re1 a5 10. a3 Nbd7 11. e4 c6 12. Qe2 Qb6 13. e5 Ne8 14. h4 a4 15. b4 c5
16. Bc3 Nc7 17. bxc5 Bxc5 18. d4 Be7 19. Reb1 Qc6 20. Bb4 Bxb4 21. Rxb4 b5 22.
Rc1 Rfb8 23. Qe3 Na6 24. Rbb1 b4 25. Bf1 Ra7 26. Ne1 Qa8 27. Ra1 Nc7 28. axb4
Rxb4 29. Ra3 Nb5 30. Bxb5 Rxb5 31. Rca1 Nb6 32. Nd3 Nc4 33. Nxc4 dxc4 34. Ne1
Be4 35. f3 Bc6 36. Ng2 Rb2 37. Qc3 Rab7 38. Ne3 Rb1+ 39. Kf2 Rxa1 40. Qxa1 Qa6
41. Qc3 Bd5 42. Qa1 Ra7 43. Nxd5 exd5 44. Qb1 Ra8 45. c3 h5 46. Qb4 Qg6 47. Qb2
Qd3 48. Qe2 Qf5 49. Kg2 g6 50. Qb2 Kg7 51. Ra2 a3 52. Rxa3 Rxa3 53. Qxa3 Qc2+
54. Kf1 Qd1+ 55. Kf2 Qd2+ 56. Kf1 Qd1+ 57. Kf2 Qd2+ 58. Kf1 Qd1+ 1/2-1/2

[Event "AZE-TUR Online Battle"]
[Site "Playchess.com INT"]
[Date "2020.08.08"]
[Round "1.2"]
[White "Solak, Dragan"]
[Black "Radjabov, Teimour"]
[Result "0-1"]
[WhiteElo "2594"]
[BlackElo "2765"]
[PlyCount "104"]
[EventDate "2020.08.08"]
[EventType "team-match (rapid)"]
[EventRounds "6"]
[EventCountry "AZE"]
[SourceTitle "CBM 197 Extra"]
[Source "ChessBase"]
[SourceDate "2020.09.30"]
[SourceVersion "1"]
[SourceVersionDate "2020.09.30"]
[SourceQuality "1"]
[WhiteTeam "Turkey"]
[BlackTeam "Azerbaijan"]
[WhiteTeamCountry "TUR"]
[BlackTeamCountry "AZE"]

1. e4 e5 2. Nf3 Nc6 3. d4 exd4 4. Nxd4 Nf6 5. Nxc6 bxc6 6. Bd3 d5 7. exd5 cxd5
8. O-O Be7 9. c4 O-O 10. cxd5 Nxd5 11. Qf3 Be6 12. Nd2 Qd7 13. Nc4 Rad8 14. Be4
Bf6 15. Ne3 Ne7 16. h3 Bd4 17. Nc2 Bb6 18. Be3 f5 19. Bb7 c6 20. Ba6 Bd5 21.
Qd1 f4 22. Bxb6 axb6 23. Nb4 f3 24. Nxd5 Nxd5 25. Bc4 fxg2 26. Bxd5+ cxd5 27.
Kxg2 Rf6 28. Qd3 Rdf8 29. Rae1 Rg6+ 30. Kh2 Qd6+ 31. Kh1 Rgf6 32. Re3 Rxf2 33.
Rxf2 Rxf2 34. Rg3 Qe5 35. Qe3 Qxe3 36. Rxe3 Rxb2 37. Re5 Rxa2 38. Rxd5 Rb2 39.
Rd7 h6 40. Kg1 Kh7 41. Rd6 b5 42. Rb6 g5 43. Kh1 h5 44. Kg1 b4 45. Kh1 b3 46.
Kg1 Kg7 47. Rb5 Kf6 48. Kf1 g4 49. hxg4 hxg4 50. Rb4 g3 51. Rf4+ Ke5 52. Rf3
Rf2+ 0-1

[Event "AZE-TUR Online Battle"]
[Site "Playchess.com INT"]
[Date "2020.08.08"]
[Round "2.2"]
[White "Radjabov, Teimour"]
[Black "Solak, Dragan"]
[Result "1/2-1/2"]
[WhiteElo "2765"]
[BlackElo "2594"]
[PlyCount "110"]
[EventDate "2020.08.08"]
[EventType "team-match (rapid)"]
[EventRounds "6"]
[EventCountry "AZE"]
[SourceTitle "CBM 197 Extra"]
[Source "ChessBase"]
[SourceDate "2020.09.30"]
[SourceVersion "1"]
[SourceVersionDate "2020.09.30"]
[SourceQuality "1"]
[WhiteTeam "Azerbaijan"]
[BlackTeam "Turkey"]
[WhiteTeamCountry "AZE"]
[BlackTeamCountry "TUR"]

1. d4 d5 2. Nf3 Nf6 3. c4 c6 4. Qc2 g6 5. cxd5 cxd5 6. Bf4 Bg7 7. e3 O-O 8. Nc3
Nc6 9. Be2 Nh5 10. Be5 Nxe5 11. Nxe5 Nf6 12. O-O e6 13. Rfc1 Ne8 14. Qb3 Nd6
15. Nb5 Nxb5 16. Qxb5 Qd6 17. Nd3 b6 18. Qb4 Qxb4 19. Nxb4 a5 20. Nc6 Bd7 21.
Ne7+ Kh8 22. Rc7 Rfd8 23. Rac1 Rab8 24. Nc6 Bxc6 25. R1xc6 Kg8 26. f4 Bf8 27.
Kf2 Rd6 28. Rc2 Rdd8 29. Bb5 Bd6 30. R7c6 Kf8 31. Kf3 Ke7 32. a3 Rb7 33. R2c3
h5 34. g3 Rdd7 35. Ba6 Rbc7 36. Bb5 Rxc6 37. Rxc6 Rb7 38. h3 Rb8 39. g4 hxg4+
40. hxg4 Rb7 41. Ba6 Rb8 42. Bb5 Rb7 43. a4 Rb8 44. Bd3 Kd7 45. Bb5 Ke7 46. b3
Rb7 47. Bd3 Kd7 48. Bb5 Ke7 49. Ke2 Rb8 50. Kf2 Rb7 51. Kf3 Rb8 52. Ba6 Kd7 53.
Bb5 Ke7 54. Bd3 Kd7 55. Bb5 Ke7 1/2-1/2

[Event "Online Olym Div Top-B"]
[Site "Chess.com INT"]
[Date "2020.08.21"]
[Round "1.2"]
[White "Van Foreest, Jorden"]
[Black "Radjabov, Teimour"]
[Result "0-1"]
[WhiteElo "2678"]
[BlackElo "2765"]
[PlyCount "146"]
[EventDate "2020.08.21"]
[EventType "team-tourn (rapid)"]
[EventRounds "9"]
[EventCountry "USA"]
[SourceTitle "CBM 197 Extra"]
[Source "ChessBase"]
[SourceDate "2020.09.30"]
[SourceVersion "1"]
[SourceVersionDate "2020.09.30"]
[SourceQuality "1"]
[WhiteTeam "Netherlands"]
[BlackTeam "Azerbaijan"]
[WhiteTeamCountry "NED"]
[BlackTeamCountry "AZE"]

1. e4 e5 2. Nf3 Nc6 3. Bc4 Bc5 4. d3 Nf6 5. Nc3 h6 6. O-O O-O 7. h3 d6 8. a4
Ne7 9. Ne2 c6 10. Bb3 Ng6 11. Ng3 Re8 12. c3 Bb6 13. d4 exd4 14. Nxd4 d5 15.
exd5 Nxd5 16. Re1 Rxe1+ 17. Qxe1 Bxd4 18. cxd4 Be6 19. Bc2 Qd7 20. Be3 Re8 21.
Qd2 f5 22. Re1 Qf7 23. Ne2 Re7 24. Nf4 Qf6 25. Nxg6 Qxg6 26. f3 Bf7 27. Bf2
Rxe1+ 28. Qxe1 Qg5 29. Kh2 Qf4+ 30. Bg3 Qxd4 31. Bxf5 Qxb2 32. Be5 Qa3 33. Qg3
Qf8 34. f4 Be8 35. Bc2 Nf6 36. Bb3+ Kh8 37. Qc3 b6 38. g4 Nd7 39. Bc2 Nxe5 40.
Qxe5 Bf7 41. Qf5 g6 42. Qf6+ Qg7 43. Qxc6 Qd4 44. Be4 Qf2+ 45. Kh1 Qf1+ 46. Kh2
Qxf4+ 47. Kg2 Kg7 48. Bf3 h5 49. Qc3+ Qf6 50. Qc7 Qb2+ 51. Kg1 Qa1+ 52. Kg2
Qb2+ 53. Kg1 hxg4 54. hxg4 a5 55. Qd6 Qf6 56. Qg3 Qd4+ 57. Kg2 Qb2+ 58. Kh3 Qc3
59. Kg2 Qc2+ 60. Kh3 Qxa4 61. Qe5+ Kg8 62. Qb8+ Kh7 63. Qxb6 Qb3 64. Qf6 a4 65.
Kh4 Qe6 66. Qc3 Qe7+ 67. g5 a3 68. Bg4 a2 69. Qa1 Qc7 70. Qf6 a1=Q 71. Qxa1
Qh2+ 72. Bh3 Qf2+ 73. Kg4 Be6# 0-1